[Event "Tourn. n8457"]
[Site "www.chess-mail.com"]
[Date "2015.12.09"]
[Round "1"]
[White "Gatrooper"]
[Black "Llcervello"]
[WhiteElo "1620"]
[BlackElo "1700"]
[Result "0-1"]
[Round "1"]
1.e4 e5
2.a3 d6
3.h3 g6
4.Bf1c4 Ng8f6
5.Ng1f3 Nf6xe4
6.d3 Ne4c5
7.Bc1e3 Nc5a4
8.Nb1c3 Na4xb2
9.Qd1d2 Nb2xc4
10.dxc4 b6
11.Qd2d5 c6
12.Qd5d1 Qd8f6
13.Be3g5 Qf6e6
14.Nc3e4 Bf8e7
15.g4 Qe6xc4
16.Bg5xe7 Qc4xe4
17.Kf1 Kxe7
18.Rh1g1 Bc8a6
19.Kg2 Ba6e2
20.Qd1xe2 Qe4f4
21.Ra1b1 e4
22.Nf3h2 d5
23.Kf1 Qf4xh2
24.Rg1g2 Qh2h1
25.Rg2g1 Qh1xh3
26.Ke1 Qh3xa3
27.g5 Rh8e8
28.Rg1h1 Re8h8
29.O-O h5
30.f4 Nb8d7
31.Rb1a1 Qa3c5
32.Kh1 e3
33.Rf1f3 d4
34.Ra1d1 Qc5c3
35.Rd1d3 Qc3a1
36.Kg2 Rh8e8
37.f5 Nd7e5
38.f6 Kf8
39.Rf3f1 Qa1a4
40.Rf1d1 Ne5xd3
41.Rd1xd3 c5
42.c4 Qa4xc4
43.Kf1 b5
44.Qe2d1 b4
45.Ke2 Qc4d5
46.Qd1f1 Qd5xg5
47.Qf1f3 a5
48.Qf3d5 Qg5g4
49.Kf1 Qg4f4
50.Ke2 Qf4f2
51.Kd1 e2
{ resign }
0-1

[Event "Tourn. n8448"]
[Site "www.chess-mail.com"]
[Date "2015.12.09"]
[Round "1"]
[White "Robert66"]
[Black "Naujzaid"]
[WhiteElo "1880"]
[BlackElo "1900"]
[Result "1/2-1/2"]
[Round "1"]
1.e4 c5
2.Ng1f3 d6
3.Nb1c3 Ng8f6
4.d4 cxd4
5.Nf3xd4 e6
6.Bc1g5 a6
7.Bf1d3 Bf8e7
8.O-O O-O
9.Nd4f3 Qd8c7
10.Qd1d2 b5
11.a3 Bc8b7
12.Rf1e1 Nb8c6
13.Ra1d1 Ra8d8
14.h3 Rf8e8
15.Bg5xf6 Be7xf6
16.b4 Nc6b8
17.Nc3e2 Bf6b2
18.a4 bxa4
19.c4 a3
20.Rd1b1 Nb8c6
21.Ne2c1 Qc7b6
22.Nc1a2 Nc6e5
23.Nf3xe5 Bb2xe5
24.Na2c3 Be5f6
25.Rb1b3 a5
26.b5 d5
27.exd5 exd5
28.Re1xe8 Rd8xe8
29.Nc3xd5 Bb7xd5
30.cxd5 Bf6e7
31.Rb3b1 Be7b4
32.Qd2c2 g6
33.Qc2c6 Re8b8
34.Rb1d1 Bb4c5
35.Rd1d2 Bc5b4
{ draw }
1/2-1/2

[Event "Tourn. n8437"]
[Site "www.chess-mail.com"]
[Date "2015.12.09"]
[Round "1"]
[White "Osopanda"]
[Black "Cardiff"]
[WhiteElo "1860"]
[BlackElo "1800"]
[Result "1/2-1/2"]
[Round "1"]
1.c4 e6
2.d4 d5
3.cxd5 exd5
4.Ng1f3 Ng8f6
5.Bc1g5 Bf8b4
6.Nb1c3 c6
7.e3 O-O
8.a3 Bb4xc3
9.bxc3 Nb8d7
10.Bf1d3 h6
11.Bg5h4 Rf8e8
12.O-O Qd8a5
13.Qd1c2 b6
14.Nf3e5 Nd7xe5
15.dxe5 Re8xe5
16.Bh4xf6 gxf6
17.Bd3h7 Kg7
18.Bh7d3 Bc8a6
19.Bd3xa6 Qa5xa6
20.Rf1d1 Ra8e8
21.Rd1d4 Re5g5
22.c4 dxc4
23.Qc2xc4 Qa6xc4
24.Rd4xc4 c5
25.a4 Rg5d5
26.g3 f5
{ draw }
1/2-1/2

[Event "Match"]
[Site "www.echecsemail.com"]
[Date "2015.12.09"]
[Round "1"]
[White "Drdoom"]
[Black "Dulap"]
[WhiteElo "1720"]
[BlackElo "1720"]
[Result "0-1"]
[Round "1"]
1.e4 e5
2.Ng1f3 Nb8c6
3.d4 exd4
4.Nf3xd4 Qd8f6
5.Nd4f3 h6
6.c3 Bf8c5
7.Bf1d3 Nc6e5
8.Bd3e2 d6
9.h3 Ng8e7
10.O-O O-O
11.b4 Bc5b6
12.Nb1d2 Bc8d7
13.a4 a5
14.b5 Rf8e8
15.Nf3xe5 Qf6xe5
16.Bc1b2 Ne7g6
17.Nd2f3 Qe5xe4
18.Be2d3 Qe4e6
 { time }
0-1

[Event "Match"]
[Site "www.echecsemail.com"]
[Date "2015.12.09"]
[Round "1"]
[White "Genius7"]
[Black "Ericleo1980"]
[WhiteElo "1730"]
[BlackElo "2270"]
[Result "1/2-1/2"]
[Round "1"]
1.c4 Ng8f6
2.Nb1c3 c5
3.Ng1f3 d5
4.cxd5 Nf6xd5
5.g3 Nd5c7
6.Bf1g2 Nb8c6
7.d3 e5
8.O-O Bf8e7
9.b3 O-O
10.Bc1b2 f5
11.Ra1c1 Bc8d7
12.h4 b5
13.a3 Ra8b8
14.e3 Bd7e8
15.Qd1e2 a6
16.Rf1d1 Be8f7
17.Nf3d2 Qd8e8
18.Nc3b1 Be7d6
19.b4 Bf7h5
20.Bg2f3 Bh5xf3
21.Qe2xf3 Rb8d8
22.bxc5 { draw }
1/2-1/2

[Event "Match"]
[Site "www.echecsemail.com"]
[Date "2015.12.09"]
[Round "1"]
[White "Gimmyg"]
[Black "Genius7"]
[WhiteElo "2460"]
[BlackElo "1840"]
[Result "1/2-1/2"]
[Round "1"]
1.Ng1f3 d5
2.d4 Ng8f6
3.Bc1f4 c6
4.e3 Bc8f5
5.Bf1d3 Bf5xd3
6.Qd1xd3 e6
7.O-O Nb8d7
8.h3 Bf8e7
9.c4 O-O
10.Nb1d2 dxc4
11.Nd2xc4 c5
12.dxc5 Nd7xc5
13.Qd3c2 Qd8d3
14.Qc2c1 Rf8d8
15.Rf1d1 Qd3xd1
16.Qc1xd1 Rd8xd1
17.Ra1xd1 Nf6d5
18.Bf4d6 Kf8
19.Bd6xc5 Be7xc5
20.Rd1c1 b6
{ draw }
1/2-1/2

[Event "Match"]
[Site "www.echecsemail.com"]
[Date "2015.12.09"]
[Round "1"]
[White "Mitja"]
[Black "Ssharp"]
[WhiteElo "2060"]
[BlackElo "2240"]
[Result "0-1"]
[Round "1"]
1.d4 d5
2.e3 Ng8f6
3.h3 Bc8f5
4.c3 e6
5.Ng1e2 c5
6.dxc5 Bf8xc5
7.Ne2d4 Bf5g6
8.Bf1e2 O-O
9.Nb1d2 e5
10.Nd4f3 Nb8c6
11.Nd2b3 Bc5b6
12.Be2b5 Qd8c7
13.Bb5xc6 bxc6
14.O-O h6
15.Nb3d2 Ra8d8
16.Nd2b3 Rf8e8
17.Rf1e1 e4
18.Nf3h2 Bg6f5
19.Nb3d4 Bf5d7
20.b4 a6
21.Bc1b2 Bb6a7
22.a3 Ba7b8
23.Nh2f1 Re8e5
24.Nd4e2 Re5g5
25.Kh1 Qc7c8
26.Ne2f4 Bb8xf4
27.exf4 Rg5g6
28.Kh2 Bd7f5
29.g4 Bf5xg4
30.hxg4 Nf6xg4
{ resign }
0-1

[Event "Eq:Clubul Central de Sah-Slap Shot Mates : "]
[Site "www.chess-mail.com"]
[Date "2015.12.09"]
[Round "1"]
[White "Leswamp"]
[Black "Pispindroi"]
[WhiteElo "2200"]
[BlackElo "2620"]
[Result "1-0"]
[Round "1"]
1.d4 Ng8f6
2.c4 e6
3.Ng1f3 b6
4.g3 Bf8e7
5.Bf1g2 Bc8b7
6.Nb1c3 Nf6e4
7.Bc1d2 O-O
8.d5 Ne4xd2
9.Qd1xd2 a5
10.O-O Be7f6
11.Ra1d1 d6
12.Nf3d4 e5
13.Nd4b5 g6
14.a3 Nb8d7
15.Nc3e4 Bf6g7
16.Qd2g5  { time }
1-0

[Event "Eq:La Taverne-chibcha : "]
[Site "www.chess-mail.com"]
[Date "2015.12.09"]
[Round "1"]
[White "Tbsundar"]
[Black "Guidom"]
[WhiteElo "2080"]
[BlackElo "2110"]
[Result "0-1"]
[Round "1"]
1.d4 d5
2.c4 dxc4
3.Ng1f3 Ng8f6
4.e3 e6
5.Bf1xc4 Bf8d6
6.Nb1d2 O-O
7.O-O Nb8d7
8.a3 e5
9.b4 exd4
10.exd4 Nd7b6
11.Bc1b2 Bc8g4
12.h3 Bg4xf3
13.Qd1xf3 c6
14.Rf1e1 Bd6c7
15.Bc4b3 Nb6d5
16.Nd2e4 Nf6xe4
17.Re1xe4 Nd5f6
18.Re4h4 Nf6d5
19.Rh4h5 Qd8d6
20.Rh5e5 f6
21.Bb3xd5 cxd5
22.Qf3xd5 Qd6xd5
23.Re5xd5 Rf8d8
24.Rd5c5 Bc7b6
25.Rc5c4 Rd8d5
26.Ra1c1 Ra8d8
27.Rc4c8 Bb6xd4
28.Bb2xd4 Rd5xd4
29.Rc8xd8 Rd4xd8
30.Rc1c7 Rd8d3
31.a4 Rd3a3
32.a5 b6
33.Rc7xa7 bxa5
34.Ra7xa5 Ra3b3
35.b5 Kf7
36.f4 Kg6
37.Kf2 h5
38.h4 Kf5
39.g3 Kg4
40.Ra5a7 Rb3b2
41.Ke3 Kxg3
42.Ra7xg7 Kxh4
43.Rg7b7 Rb2b4
44.b6 f5
 { time }
0-1

[Event "Fast Game"]
[Site "www.echecsemail.com"]
[Date "2015.12.09"]
[Round "1"]
[White "Attatroll"]
[Black "Maredocla"]
[WhiteElo "1740"]
[BlackElo "1890"]
[Result "0-1"]
[Round "1"]
1.d4 d5
2.c4 c6
3.Ng1f3 a6
4.Nb1c3 Ng8f6
5.e3 dxc4
6.Bf1xc4 e6
7.O-O Nb8d7
8.Qd1b3 b5
9.Bc4d3 a5
10.Qb3c2 Bc8b7
11.e4 Nd7b6
12.Bc1g5 Bf8e7
13.e5 Nf6d7
14.Bg5xe7 Qd8xe7
15.Bd3xh7 g6
16.Bh7xg6 fxg6
17.Qc2xg6 Kd8
18.Nf3g5 Kc7
19.Ng5xe6 Kb8
20.Qg6g7 Qe7h4
21.Qg7g3 Qh4h6
22.Ne6f4 Ka7
23.a4 Ra8g8
24.axb5 Rg8xg3
25.fxg3 Qh6xh2
26.Kf2 Qh2h7
27.Ra1xa5 Kb8
28.bxc6 Bb7xc6
29.d5 Bc6a4
30.Ra5a6 Qh7c2
31.Kg1 Ba4b5
32.Ra6xb6 Nd7xb6
33.Nc3xb5 Qc2c5
{ resign }
0-1

[Event "Tourn. n8452"]
[Site "www.chess-mail.com"]
[Date "2015.12.10"]
[Round "1"]
[White "Norlavuaram"]
[Black "Lino"]
[WhiteElo "2260"]
[BlackElo "2249"]
[Result "0-1"]
[Round "1"]
1.e4 c5
2.Ng1f3 Nb8c6
3.d4 cxd4
4.Nf3xd4 Ng8f6
5.Nb1c3 e5
6.Nd4b5 d6
7.Bc1g5 a6
8.Nb5a3 b5
9.Nc3d5 Bf8e7
10.Nd5xe7 Nc6xe7
11.Bg5xf6 gxf6
12.Qd1f3 f5
13.exf5 Bc8xf5
14.Bf1d3 Bf5e6
15.O-O O-O
16.c3 f5
17.Qf3h5 Ne7g6
18.g3 e4
19.Bd3e2 Qd8d7
20.Na3c2 f4
21.Nc2d4 f3
22.Be2d1 Be6c4
23.Rf1e1 Ra8e8
24.b3 Bc4d3
25.Bd1c2 Bd3xc2
26.Nd4xc2 Re8e5
27.Qh5h6 Ng6f4
28.Kh1 Re5h5
{ resign }
0-1

[Event "Tourn. n8412"]
[Site "www.chess-mail.com"]
[Date "2015.12.10"]
[Round "1"]
[White "Falcoale"]
[Black "Neo"]
[WhiteElo "1890"]
[BlackElo "1830"]
[Result "1-0"]
[Round "1"]
1.e4 e5
2.Ng1f3 d6
3.Bf1c4 Ng8h6
4.d4 Bc8g4
5.h3 Bg4xf3
6.Qd1xf3 Qd8d7
7.O-O Nb8c6
8.Bc1xh6 O-O-O
9.Bh6d2 Nc6xd4
10.Qf3d1 f6
11.c3 Nd4c6
12.f4 Kb8
13.f5 Bf8e7
14.Bd2e3 a6
15.b4 Nc6a7
16.a4 Qd7c6
17.Bc4d5 Qc6e8
18.a5 Na7b5
19.c4 Nb5d4
20.Be3xd4 exd4
21.Qd1xd4 g6
22.Nb1c3 c6
23.Bd5e6 c5
24.bxc5 dxc5
25.Qd4e3 Be7d6
26.Nc3d5 Qe8f8
27.Nd5b6 Bd6e5
28.Qe3b3 Be5d4
29.Kh1 Bd4xa1
30.Rf1xa1 Rd8d4
31.Be6d5 Qf8e7
32.Nb6a4 Rh8d8
33.Ra1b1 Rd8d7
34.Qb3b6 Rd7d6
35.Qb6xc5 Rd4d2
36.Rb1xb7 Qe7xb7
37.Bd5xb7 Rd2d1
38.Kh2 Kxb7
39.Na4b6 Rd6d8
40.Nb6d5 Rd8c8
41.Qc5b6 Ka8
42.Qb6xa6 Kb8
43.Qa6b6 Ka8
44.a6 Rc8b8
45.Nd5c7 
1-0

[Event "Tourn. n8405"]
[Site "www.chess-mail.com"]
[Date "2015.12.10"]
[Round "1"]
[White "Xkafi"]
[Black "Norlavuaram"]
[WhiteElo "2030"]
[BlackElo "2150"]
[Result "0-1"]
[Round "1"]
1.e4 e5
2.Bf1c4 Ng8f6
3.d3 Bf8e7
4.Ng1f3 O-O
5.Nf3xe5 c6
6.Bc1g5 d5
7.exd5 cxd5
8.Bc4b3 Nb8c6
9.f4 Qd8b6
10.Bg5xf6 Be7xf6
11.c3 Qb6e3
12.Qd1e2 Qe3xf4
13.d4 Nc6xe5
14.dxe5 Bf6xe5
15.Nb1d2 Bc8g4
16.Qe2f2 Qf4xf2
17.Kxf2 Ra8d8
18.Rh1e1 Be5f6
19.Nd2f3 Bg4e6
20.Ra1d1 a6
21.Nf3d4 Bf6xd4
22.Rd1xd4 b5
23.a4 bxa4
24.Rd4xa4 Rd8b8
25.Ra4a3 Rb8b6
26.Re1e2 Rf8b8
27.Bb3c2 Rb6xb2
28.Ra3xa6 g6
29.h3 Rb8c8
30.Bc2a4 Rb2xe2
31.Kxe2 Rc8xc3
32.Ra6d6 Rc3a3
33.Ba4c6 Ra3a2
34.Kf3 Ra2a5
35.Rd6d8 Kg7
36.Ke3 Ra5c5
37.Bc6a4 Rc5a5
38.Ba4d1 Ra5a1
39.Bd1f3 Ra1a5
40.Kd4 Ra5a4
41.Ke5 d4
42.Rd8xd4 Ra4a2
43.Rd4f4 Ra2a5
44.Kd6 h5
45.Rf4b4 Kh6
46.Ke7 Ra5a7
47.Kf6 Ra7a5
48.Bf3e4 Be6a2
49.Be4d3 Ra5c5
50.Rb4b2 Ba2d5
51.Rb2e2 Rc5c3
52.Bd3b5 Rc3b3
53.Bb5e8 Rb3b6
54.Ke7 Rb6b7
55.Kf6 Rb7b6
56.Ke7 f5
57.Re2d2 Bd5e4
58.Rd2e2 Rb6a6
59.Re2f2 Kg7
60.h4 Ra6a7
61.Ke6 Ra7c7
62.Ke5 Rc7e7
{ resign }
0-1

[Event "Tourn. n8443"]
[Site "www.chess-mail.com"]
[Date "2015.12.10"]
[Round "1"]
[White "Neo"]
[Black "Naujzaid"]
[WhiteElo "1810"]
[BlackElo "1900"]
[Result "1/2-1/2"]
[Round "1"]
1.d4 d5
2.e3 e6
3.b3 Ng8f6
4.Bc1b2 Bf8d6
5.g3 O-O
6.Bf1g2 c5
7.Ng1e2 Nb8c6
8.Bb2a3 cxd4
9.Ba3xd6 Qd8xd6
10.Ne2xd4 e5
11.Nd4xc6 bxc6
12.c4 Bc8g4
13.Qd1c1 Qd6b4
14.Nb1d2 Nf6e4
15.Bg2xe4 dxe4
16.O-O Bg4f3
17.Nd2xf3 exf3
18.e4 f5
19.exf5 Rf8xf5
20.Qc1c2 Ra8f8
21.Ra1d1 Qb4e7
22.a4 Qe7e6
23.c5 Kh8
24.Rd1d6 Qe6f7
25.Rd6xc6 Qf7h5
26.h4 Qh5g4
27.Kh2 g5
28.Rc6h6 gxh4
29.Rf1g1 Rf8g8
30.c6 hxg3
31.Rg1xg3 Rf5h5
32.Rh6xh5 Qg4xh5
33.Kg1 Qh5h3
34.c7 Rg8xg3
35.fxg3 Qh3xg3
36.Kf1 Qg3h3
37.Ke1 f2
38.Qc2xf2 Qh3c3
39.Kf1 Qc3c1
40.Qf2e1 Qc1xc7
41.a5 h5
42.b4 Qc7c4
43.Kf2 Qc4d4
44.Kf1 h4
45.Kg2 Qd4g4
46.Kh2 Qg4f4
47.Kg2 Kh7
48.b5 Qf4g4
{ draw }
1/2-1/2

[Event "Tourn. n8440"]
[Site "www.chess-mail.com"]
[Date "2015.12.10"]
[Round "1"]
[White "Maredocla"]
[Black "Naujzaid"]
[WhiteElo "2030"]
[BlackElo "1900"]
[Result "0-1"]
[Round "1"]
1.f4 d5
2.Ng1f3 e6
3.b3 Qd8f6
4.d4 Bf8d6
5.e3 b6
6.Bf1b5 c6
7.Bb5d3 Bc8a6
8.Qd1e2 Ba6xd3
9.Qe2xd3 Qf6e7
10.O-O Ng8f6
11.Nb1d2 O-O
12.Nf3e5 Bd6xe5
13.fxe5 Nf6e8
14.Nd2f3 f6
15.a4 Nb8d7
16.h3 c5
17.exf6 Ne8xf6
18.Nf3g5 h6
19.Ng5f3 e5
20.Bc1a3 e4
21.Qd3e2 exf3
22.Rf1xf3 Nf6e4
23.Ra1f1 Rf8xf3
24.Rf1xf3 Ra8f8
25.dxc5 bxc5
26.Ba3b2 Rf8xf3
27.Qe2xf3 Nd7f6
28.Qf3f5 Qe7d7
29.Qf5e5 Kf7
30.Qe5f4 d4
31.exd4 cxd4
32.Qf4f3 Qd7d6
33.Qf3d3 Ne4g3
34.Bb2xd4 Qd6xd4
{ resign }
0-1

[Event "Tourn. n8440"]
[Site "www.chess-mail.com"]
[Date "2015.12.10"]
[Round "1"]
[White "Maredocla"]
[Black "Huw"]
[WhiteElo "2030"]
[BlackElo "2060"]
[Result "0-1"]
[Round "1"]
1.f4 d5
2.Ng1f3 g6
3.e3 Bf8g7
4.d4 Ng8f6
5.b3 c5
6.Bc1b2 Nb8c6
7.dxc5 O-O
8.a3 e6
9.b4 e5
10.Nf3xe5 Nf6g4
11.Ne5xg4 Bg7xb2
12.Ra1a2 Bb2g7
13.Ng4f2 Qd8c7
14.c4 d4
15.exd4 Nc6xd4
16.Bf1e2 a5
17.O-O axb4
18.Nf2e4 Nd4xe2
19.Ra2xe2 bxa3
20.Re2a2 Bg7b2
21.Nb1c3 Bb2xc3
22.Ne4xc3 Rf8d8
23.Qd1b3 Qc7xc5
24.Kh1 Rd8d4
25.Nc3b1 Rd4xc4
26.Ra2xa3 Rc4c1
27.Nb1d2 Rc1xf1
28.Nd2xf1 Ra8xa3
29.Qb3d1 Bc8f5
30.h3 Ra3d3
31.Qd1e1 b5
32.Nf1g3 Rd3e3
33.Qe1f2 Qc5c1
34.Kh2 Bf5d3
35.Qf2a2 Re3e1
36.Qa2a8 Kg7
37.Qa8d5 Qc1e3
38.Qd5b3 Qe3g1
{ resign }
0-1

[Event "Tourn. n8490"]
[Site "www.chess-mail.com"]
[Date "2015.12.10"]
[Round "1"]
[White "Roque1"]
[Black "Attatroll"]
[WhiteElo "1620"]
[BlackElo "1890"]
[Result "1-0"]
[Round "1"]
1.e4 d6
2.d4 Ng8f6
3.Nb1c3 g6
4.Bc1g5 Bf8g7
5.Ng1f3 O-O
6.Bf1c4 Bc8g4
7.Qd1d3 Nb8c6
8.O-O-O h6
9.Bg5h4 g5
10.Bh4g3 Nc6b4
11.Qd3e3 Bg4xf3
12.Qe3xf3 a5
13.a3 Nb4c6
14.Rh1e1 Qd8c8
15.e5 dxe5
16.dxe5 Nf6g4
17.e6 Ng4e5
18.Bg3xe5 Nc6xe5
19.exf7 Kh8
20.Nc3d5 Rf8xf7
21.Qf3b3 Ne5xc4
22.Qb3xc4 Rf7xf2
23.Nd5xe7 Qc8e8
24.Qc4xc7 Bg7f6
25.Rd1d7 Bf6xe7
26.Re1xe7 Rf2f1
27.Kd2 Qe8h5
28.Qc7d8 Ra8xd8
29.Rd7xd8 { resign }
1-0

[Event "Tourn. n8483"]
[Site "www.chess-mail.com"]
[Date "2015.12.10"]
[Round "1"]
[White "Maredocla"]
[Black "Goosebumps"]
[WhiteElo "2040"]
[BlackElo "2130"]
[Result "0-1"]
[Round "1"]
1.f4 d5
2.Ng1f3 Ng8f6
3.b3 c5
4.Bc1b2 e6
5.e3 Bf8d6
6.Bf1b5 Bc8d7
7.Bb5xd7 Nb8xd7
8.O-O O-O
9.d3 b5
10.Nb1d2 Rf8e8
11.a3 e5
12.f5 e4
13.dxe4 dxe4
14.Nf3g5 Qd8c7
15.c4 Bd6xh2
16.Kh1 h6
17.Ng5h3 a6
18.Nh3f4 Bh2xf4
19.Rf1xf4 Re8e7
20.Qd1e1 Nf6h5
21.Qe1h4 Nh5xf4
22.Qh4xe7 Nf4d3
23.Ra1b1 Qc7d8
24.Qe7d6 Qd8h4
25.Qd6h2 Qh4f2
26.g4 Qf2xe3
27.Nd2f1 Nd3f2
28.Kg2 Qe3f3
29.Kg1 Nf2h3
{ resign }
0-1

[Event "Tourn. n8429"]
[Site "www.chess-mail.com"]
[Date "2015.12.10"]
[Round "1"]
[White "Luban"]
[Black "Andychesston"]
[WhiteElo "2140"]
[BlackElo "2030"]
[Result "0-1"]
[Round "1"]
1.d4 d5
2.Ng1f3 Nb8c6
3.e3 Ng8f6
4.h3 e6
5.a3 Bf8d6
6.c4 O-O
7.Nb1c3 a6
8.Bf1d3 e5
9.cxd5 exd4
10.dxc6 dxc3
11.cxb7 cxb2
12.bxa8Q bxa1Q
13.O-O Bd6xa3
14.Qd1c2 Ba3xc1
15.Rf1xc1 Qa1a5
16.Nf3d4 Qa5d5
17.Qa8xd5 Qd8xd5
18.Qc2xc7 Bc8b7
19.Qc7g3 Nf6h5
20.Qg3f3 Qd5xf3
21.Nd4xf3 Bb7xf3
22.gxf3 a5
23.Rc1c5 g6
24.Rc5xa5 Kg7
25.Kg2 Nh5f6
26.e4 Rf8d8
27.Ra5a3 h5
28.f4 Nf6h7
29.Bd3c4 Rd8d4
30.Bc4d3 Nh7f6
31.Kf3 Nf6e8
32.Ke3 Rd4b4
33.e5 Ne8c7
34.Bd3e4 Nc7b5
35.Be4d5 Nb5xa3
{ resign }
0-1

[Event "Tourn. n8478"]
[Site "www.chess-mail.com"]
[Date "2015.12.10"]
[Round "1"]
[White "Wwgia"]
[Black "Seger"]
[WhiteElo "2230"]
[BlackElo "2740"]
[Result "0-1"]
[Round "1"]
1.d4 Ng8f6
2.c4 e6
3.Ng1f3 b6
4.a3 Bc8b7
5.Nb1c3 d5
6.cxd5 Nf6xd5
7.e4 Nd5xc3
8.bxc3 Bb7xe4
9.Nf3e5 Qd8h4
10.Bc1e3 Bf8d6
11.Qd1a4 Kf8
12.g3 Qh4f6
13.f3 Be4xf3
{ resign }
0-1

[Event "Tourn. n8385"]
[Site "www.chess-mail.com"]
[Date "2015.12.10"]
[Round "1"]
[White "Obisporey"]
[Black "Asoka"]
[WhiteElo "2630"]
[BlackElo "2670"]
[Result "0-1"]
[Round "1"]
1.e4 e6
2.d4 d5
3.Nb1c3 Ng8f6
4.e5 Nf6d7
5.f4 c5
6.Ng1f3 Nb8c6
7.Bc1e3 Qd8b6
8.Nc3a4 Qb6a5
9.c3 cxd4
10.b4 Nc6xb4
11.cxb4 Bf8xb4
12.Be3d2 Bb4xd2
13.Nf3xd2 O-O
14.Bf1d3 b6
15.O-O Nd7c5
16.Na4xc5 bxc5
17.Qd1c2 Qa5c3
18.Bd3xh7 Kh8
19.Ra1d1 c4
20.Nd2f3 Qc3xc2
21.Bh7xc2 d3
22.Bc2a4 Bc8a6
23.Rd1c1 Ra8b8
24.Rc1c3 Rb8b4
25.Ba4d1 Ba6b5
26.a3 Rb4b1
27.Nf3d4 Rf8b8
28.f5 exf5
29.Nd4xf5 Bb5d7
30.Nf5e7 Bd7e6
31.Ne7c6 Rb8b2
32.Nc6d4 Rb2a2
33.Bd1h5 Rb1xf1
34.Kxf1 Ra2a1
35.Kf2 d2
36.Nd4xe6 fxe6
37.Rc3c2 d1Q
38.Bh5xd1 Ra1xd1
39.Rc2b2 Kh7
40.Ke2 Rd1a1
41.Rb2b7 Ra1a2
42.Kd1 Ra2xg2
43.Rb7xa7 Kg6
44.a4 Rg2xh2
45.a5 Rh2a2
46.Kc1 Kf5
{ resign }
0-1

[Event "Tourn. n8398"]
[Site "www.chess-mail.com"]
[Date "2015.12.10"]
[Round "1"]
[White "Libiesse"]
[Black "Xkafi"]
[WhiteElo "2080"]
[BlackElo "2030"]
[Result "0-1"]
[Round "1"]
1.d4 c5
2.d5 Ng8f6
3.c4 e6
4.Nb1c3 exd5
5.cxd5 Qd8a5
6.Bc1g5 Qa5b6
7.Bg5xf6 Qb6xf6
8.e4 Bf8d6
9.Qd1f3 Bd6f4
10.g3 Bf4e5
11.Qf3xf6 Be5xf6
12.Ng1e2 d6
13.Bf1g2 Bc8g4
14.Nc3b5 Bg4xe2
15.Kxe2 Nb8a6
16.Ra1b1 Kd7
17.f4 Na6b4
18.a3 Nb4c2
19.Kd2 Nc2d4
20.Nb5xd4 Bf6xd4
21.Bg2h3 Kc7
22.b3 Rh8e8
23.Rh1e1 b5
24.Kd3 f6
25.b4 a6
26.bxc5 dxc5
27.Rb1c1 Kd6
28.Bh3e6 Bd4b2
29.Rc1c2 Bb2xa3
30.e5 fxe5
31.fxe5 Ke7
32.Be6g4 Kd8
33.e6 Re8e7
34.d6 c4
35.Kc3 Ba3xd6
36.Rc2f2 Kc7
37.Rf2f7 a5
38.Re1d1 Re7xf7
39.exf7 Bd6b4
40.Kc2 Bb4d6
41.Rd1e1 Ra8f8
42.Bg4e6 Kc6
43.h4 Bd6xg3
44.Re1g1 Bg3e5
45.Rg1d1 Be5d6
46.Rd1g1 Bd6e5
47.Rg1d1 Be5d6
48.Rd1g1 g6
49.h5 gxh5
50.Rg1g7 h6
51.Rg7g6 h4
52.Rg6xh6 Kc5
53.Rh6xh4 a4
54.Kc3 a3
{ resign }
0-1

[Event "Tourn. n8502"]
[Site "www.chess-mail.com"]
[Date "2015.12.10"]
[Round "1"]
[White "Lino"]
[Black "Goosebumps"]
[WhiteElo "2250"]
[BlackElo "2200"]
[Result "1-0"]
[Round "1"]
1.e4 e5
2.Ng1f3 Ng8f6
3.Nf3xe5 Qd8e7
4.d4 d6
5.Ne5f3 Nf6xe4
6.Bf1e2 d5
7.O-O Qe7d8
8.c4 Ne4f6
9.cxd5 Nf6xd5
10.Nb1c3 Bf8e7
11.Nc3xd5 Qd8xd5
12.Bc1f4 Be7d6
13.Bf4xd6 Qd5xd6
14.Be2b5 c6
15.Rf1e1 Kf8
16.Bb5c4 Bc8g4
17.Qd1b3 Qd6c7
18.Nf3e5 Bg4h5
19.Qb3h3 Bh5g6
20.Ne5xg6 { resign }
1-0

[Event "Tourn. n8476"]
[Site "www.chess-mail.com"]
[Date "2015.12.10"]
[Round "1"]
[White "Genius9"]
[Black "Dulap"]
[WhiteElo "1790"]
[BlackElo "1730"]
[Result "0-1"]
[Round "1"]
1.e4 e5
2.Ng1f3 Nb8c6
3.Bf1b5 a6
4.Bb5xc6 dxc6
5.d4 exd4
6.Qd1xd4 Qd8xd4
7.Nf3xd4 Bf8c5
8.Bc1e3 Bc5b6
9.Nb1d2 Ng8f6
10.f3 O-O
11.Nd2c4 Bb6a7
12.Kf2 Bc8d7
13.Nc4e5 Ra8d8
14.Ra1d1 Rf8e8
15.Ne5xd7 Rd8xd7
16.c3 Re8d8
17.Rd1e1 h6
18.Re1d1 c5
{ resign }
0-1

[Event "Tourn. n8438"]
[Site "www.chess-mail.com"]
[Date "2015.12.10"]
[Round "1"]
[White "Naujzaid"]
[Black "Libiesse"]
[WhiteElo "1900"]
[BlackElo "2020"]
[Result "1-0"]
[Round "1"]
1.d4 d5
2.c4 e6
3.Nb1c3 Ng8f6
4.cxd5 exd5
5.Bc1g5 c6
6.e3 Bc8f5
7.Qd1f3 Bf5e6
8.Bg5xf6 Qd8xf6
9.Qf3xf6 gxf6
10.Bf1d3 Nb8d7
11.Ng1e2 Bf8d6
12.a3 h6
13.Kd2 Rh8g8
14.g3 Ke7
15.b4 b6
16.Bd3a6 b5
17.Ba6b7 Ra8b8
18.Bb7xc6 Rg8c8
19.Bc6xb5 Nd7b6
20.Rh1c1 h5
21.h4 Nb6c4
22.Bb5xc4 dxc4
23.Nc3e4 f5
24.Ne4xd6 Kxd6
25.Ne2f4 Rc8c7
26.Nf4xh5 Rb8c8
27.Rc1c3 Be6d5
28.Nh5f4 Bd5e6
29.Ra1c1 Rc7c6
30.a4 a6
31.Nf4h3 Be6d7
32.Nh3g5 Ke7
33.Ng5f3 Rc6c7
34.a5 Bd7a4
35.Nf3e5 Ba4b3
36.h5 f6
37.Ne5g6 Kf7
38.Ng6f4 Rc7c6
39.Nf4d3 Kg7
40.Nd3c5 Kh6
41.Rc1h1 Rc8c7
42.f3 Rc7c8
43.Nc5xb3 cxb3
44.Rc3c5 Rc6xc5
45.bxc5 Rc8b8
46.c6 b2
47.Rh1b1 Kxh5
48.d5 Rb8b5
49.e4 fxe4
50.fxe4 Kg4
51.d6 { resign }
1-0

[Event "Tourn. n8498"]
[Site "www.chess-mail.com"]
[Date "2015.12.10"]
[Round "1"]
[White "Neo"]
[Black "Bojan"]
[WhiteElo "1860"]
[BlackElo "2010"]
[Result "0-1"]
[Round "1"]
1.d4 g6
2.b3 Bf8g7
3.Bc1b2 e6
4.e4 d6
5.g3 Nb8d7
6.Bf1g2 c5
7.e5 dxe5
8.dxe5 Nd7xe5
9.Qd1xd8 Kxd8
10.Ke2 f6
11.Ng1f3 Ne5c6
12.Rh1d1 Kc7
13.Kf1 Ng8e7
14.Kg1 Bc8d7
15.Nb1a3 a6
16.Na3c4 Ra8d8
17.a4 e5
18.Nf3h4 Ne7f5
19.Nh4xf5 Bd7xf5
20.Bg2xc6 Kxc6
21.Nc4a5 Kc7
22.c3 b6
23.Na5c4 Bf5c2
24.Rd1xd8 Rh8xd8
25.b4 Bc2b3
26.Nc4e3 Kc6
27.b5 Kb7
28.c4 Bg7h6
29.bxa6 Kxa6
30.Bb2c3 Rd8d3
31.a5 Bh6xe3
32.axb6 Kxb6
33.Bc3a5 Kc6
34.fxe3 Rd3xe3
35.Ra1c1 Re3e4
36.Ba5d8 Bb3xc4
37.Bd8xf6 Bc4d3
38.Bf6e7 c4
39.Kg2 Re4e2
40.Kh3 h6
41.Rc1h1 c3
42.Kh4 Bd3e4
43.Rh1c1 c2
44.h3 Re2d2
45.Be7b4 Rd2d1
46.Rc1xd1 cxd1Q
47.Bb4f8 g5

0-1

[Event "Match"]
[Site "www.echecsemail.com"]
[Date "2015.12.10"]
[Round "1"]
[White "Delacey"]
[Black "Paco"]
[WhiteElo "1870"]
[BlackElo "1900"]
[Result "0-1"]
[Round "1"]
1.Ng1f3 d5
2.c4 d4
3.d3 Nb8c6
4.e4 e5
5.Bf1e2 Qd8f6
6.Bc1g5 Qf6g6
7.Nb1d2 f6
8.Bg5h4 Qg6xg2
9.Rh1g1 Qg2h3
10.Rg1g3 Qh3e6
11.O-O g5
12.Bh4xg5 fxg5
13.Nf3xg5 Qe6f6
14.Be2h5 Kd8
15.Ng5f7 Ke7
16.Nf7xh8 Qf6xh8
17.Qd1f3 Ng8f6
18.a3 b6
19.b4 Bf8h6
20.Nd2f1 Bh6f4
21.Ra1d1 Bf4xg3
22.Nf1xg3 Bc8d7
23.Ng3f5 Bd7xf5
24.Qf3xf5 Qh8g7
25.Kh1 Ra8g8
26.Qf5h3 Nf6xh5
27.b5 Nh5f4
28.Qh3f1 Nc6a5
29.a4 h5
30.f3 Nf4g2
31.Qf1f2 Ng2f4
32.Qf2h4 Ke8
33.Qh4f2 h4
34.Rd1g1 Qg7xg1
35.Qf2xg1 Rg8xg1
36.Kxg1 Nf4xd3
37.Kf1 Na5xc4
38.Ke2 Nd3b2
{ resign }
0-1

[Event "Match"]
[Site "www.echecsemail.com"]
[Date "2015.12.10"]
[Round "1"]
[White "Manolinex"]
[Black "Ostapbender"]
[WhiteElo "2840"]
[BlackElo "2770"]
[Result "1-0"]
[Round "1"]
1.g3 f5
2.d4 Ng8f6
3.Bf1g2 g6
4.Ng1f3 Bf8g7
5.O-O O-O
6.c4 d6
7.Qd1b3 Nb8c6
8.Rf1d1 Nf6e4
9.Bc1e3 a5
10.Nb1c3 e6
11.a4 Qd8e7
12.Ra1c1 Ne4xc3
13.bxc3 Kh8
14.c5 dxc5
15.Qb3c4 cxd4
16.cxd4 Nc6b4
17.Be3g5 Qe7e8
18.Nf3e5 c6
19.e4 fxe4
20.Bg2xe4 Nb4d5
21.Qc4e2 Bc8d7
22.Qe2d2 Qe8c8
23.h4 Qc8c7
24.Rd1e1 Bd7e8
25.Be4g2 Qc7d6
26.Bg5h6 Bg7xh6
27.Qd2xh6 Rf8f6
28.Qh6d2 b5
29.axb5 cxb5
30.Ne5f3 Be8d7
31.Nf3g5 Qd6b4
32.Qd2e2 Kg8
33.Ng5e4 Rf6f7
34.Ne4c5 Ra8e8
35.h5 gxh5
36.Nc5xd7 Rf7xd7
37.Qe2xh5 Re8f8
38.Bg2h3 Nd5c7
39.Qh5g5 Rd7g7
40.Qg5e5 Qb4d2
41.Re1f1 Rf8f7
42.Rc1xc7 Rf7xc7
43.Bh3xe6 Kf8
44.Rf1e1 Qd2g5
45.Qe5d6 { resign }
1-0

[Event "Match"]
[Site "www.echecsemail.com"]
[Date "2015.12.10"]
[Round "1"]
[White "Goosebumps"]
[Black "Luzhin"]
[WhiteElo "2160"]
[BlackElo "2230"]
[Result "0-1"]
[Round "1"]
1.e4 e5
2.Ng1f3 Nb8c6
3.Bf1c4 Ng8f6
4.Nf3g5 d5
5.exd5 b5
6.Bc4xb5 Qd8xd5
7.Bb5xc6 Qd5xc6
8.Qd1f3 Bc8b7
9.Qf3xc6 Bb7xc6
10.O-O h6
11.Ng5h3 O-O-O
12.d3 g5
13.Kh1 e4
14.dxe4 Bc6xe4
15.c3 Bf8c5
16.Nb1d2 Be4d3
17.Rf1e1 Rh8e8
18.Re1xe8 Rd8xe8
19.g3 Re8e1
20.Kg2 g4
21.Nh3f4 Bd3a6
22.h3 Ba6b7
23.f3 gxf3
{ resign }
0-1

[Event "Match"]
[Site "www.echecsemail.com"]
[Date "2015.12.10"]
[Round "1"]
[White "Badshahc"]
[Black "Pablincho"]
[WhiteElo "1649"]
[BlackElo "1870"]
[Result "1-0"]
[Round "1"]
1.e4 c5
2.Ng1f3 d5
3.exd5 Qd8xd5
4.Nb1c3 Qd5d8
5.d4 cxd4
6.Nf3xd4 Ng8f6
7.Bc1f4 a6
8.Bf1c4 Nb8c6
9.Nd4xc6 bxc6
10.Bc4xf7 Kxf7
11.Qd1xd8 e6
12.O-O-O Nf6d5
13.Nc3xd5 cxd5
14.Rd1d3 g6
15.Rd3f3 Bf8e7
16.Bf4e5 Be7f6
17.Rf3xf6 Kg7
18.Rf6f3 Kh6
19.Rf3h3 
1-0